France: cities over 100 000 inhabitants - Statistics

General Stats
  • This quiz has been taken 47 times
  • The average score is 27 of 42
Answer Stats
Ranking Population Département (county) Name of the city % Correct
1 2 113 000 75 Paris
100%
3 520 000 69 Lyon
98%
2 877 000 13 Marseille
98%
4 511 000 31 Toulouse
95%
9 265 000 33 Bordeaux
93%
5 353 000 06 Nice
85%
11 227 000 35 Rennes
85%
8 291 000 67 Strasbourg
85%
10 238 000 59 Lille
83%
7 307 000 34 Montpellier
83%
6 325 000 44 Nantes
83%
26 140 000 29 Brest
80%
17 159 000 21 Dijon
80%
19 156 000 38 Grenoble
80%
15 166 000 76 Le Havre
73%
42 104 000 54 Nancy
73%
31 121 000 57 Metz
70%
13 178 000 51 Reims
70%
36 116 000 76 Rouen
70%
27 138 000 37 Tours
68%
38 108 000 14 Caen
65%
35 116 000 45 Orléans
65%
14 172 000 42 Saint-Etienne
65%
12 180 000 83 Toulon
63%
28 134 000 80 Amiens
60%
21 150 000 30 Nîmes
60%
24 147 000 63 Clermont-Ferrand
58%
23 147 000 13 Aix-en-Provence
55%
18 157 000 49 Angers
55%
20 156 000 974 Saint-Denis
55%
22 148 000 93 Saint-Denis
55%
25 145 000 72 Le Mans
53%
30 129 000 87 Limoges
53%
32 120 000 66 Perpignan
53%
41 104 000 68 Mulhouse
50%
29 131 000 74 Annecy
48%
34 120 000 25 Besançon
45%
16 162 000 69 Villeurbanne
40%
33 120 000 92 Boulogne-Billancourt
38%
39 107 000 95 Argenteuil
28%
37 110 000 93 Montreuil
18%
40 106 000 974 Saint-Paul
18%
No matching quizzes found
Score Distribution
Percent of People with Each Score
Percentile by Number Answered
Your Score History
You have not taken this quiz